PRINCIPLES OF CRIMNAL LAW (Record no. 44407)
[ view plain ]
| 000 -LEADER | |
|---|---|
| fixed length control field | nam a22 7a 4500 |
| 003 - CONTROL NUMBER IDENTIFIER | |
| control field | OSt |
| 005 - DATE AND TIME OF LATEST TRANSACTION | |
| control field | 20181006102256.0 |
| 008 - FIXED-LENGTH DATA ELEMENTS--GENERAL INFORMATION | |
| fixed length control field | 181006b xxu||||| |||| 00| 0 eng d |
| 040 ## - CATALOGING SOURCE | |
| Transcribing agency | SERO SOFT |
| 100 ## - MAIN ENTRY--PERSONAL NAME | |
| Personal name | O.P SRIVASTAV |
| 245 ## - TITLE STATEMENT | |
| Title | PRINCIPLES OF CRIMNAL LAW |
| 260 ## - PUBLICATION, DISTRIBUTION, ETC. | |
| Place of publication, distribution, etc. | EBC LUCKNOW |
| Name of publisher, distributor, etc. | EBC |
| 300 ## - PHYSICAL DESCRIPTION | |
| Extent | 236 |
| 942 ## - ADDED ENTRY ELEMENTS (KOHA) | |
| Source of classification or shelving scheme | |
| Koha item type | Book Bank |
| Withdrawn status | Lost status | Source of classification or shelving scheme | Damaged status | Not for loan | Home library | Current library | Date acquired | Source of acquisition | Cost, normal purchase price | Inventory number | Total Checkouts | Total Renewals | Barcode | Date last seen | Date last checked out | Price effective from | Koha item type |
|---|---|---|---|---|---|---|---|---|---|---|---|---|---|---|---|---|---|
| IIMT University College of Law | IIMT University College of Law | 10/06/2018 | Western Law House Meerut | 375.00 | 00001203/18 -04/10/2018 | 9 | 2 | 04-B-6279 | 01/29/2025 | 09/02/2024 | 10/06/2018 | Book Bank | |||||
| IIMT University College of Law | IIMT University College of Law | 10/06/2018 | Western Law House Meerut | 375.00 | 00001203/18 -04/10/2018 | 8 | 04-B-6280 | 02/03/2025 | 09/09/2024 | 10/06/2018 | Book Bank | ||||||
| IIMT University College of Law | IIMT University College of Law | 10/06/2018 | Western Law House Meerut | 375.00 | 00001203/18 -04/10/2018 | 7 | 04-B-6281 | 01/24/2026 | 11/03/2025 | 10/06/2018 | Book Bank | ||||||
| IIMT University College of Law | IIMT University College of Law | 10/06/2018 | Western Law House Meerut | 375.00 | 00001203/18 -04/10/2018 | 6 | 1 | 04-B-6282 | 01/27/2025 | 09/03/2024 | 10/06/2018 | Book Bank | |||||
| IIMT University College of Law | IIMT University College of Law | 10/06/2018 | Western Law House Meerut | 375.00 | 00001203/18 -04/10/2018 | 7 | 04-B-6283 | 01/24/2025 | 08/28/2024 | 10/06/2018 | Book Bank | ||||||
| IIMT University College of Law | IIMT University College of Law | 10/06/2018 | Western Law House Meerut | 375.00 | 00001203/18 -04/10/2018 | 8 | 2 | 04-B-6284 | 01/24/2026 | 09/26/2025 | 10/06/2018 | Book Bank | |||||
| IIMT University College of Law | IIMT University College of Law | 10/06/2018 | Western Law House Meerut | 375.00 | 00001203/18 -04/10/2018 | 8 | 04-B-6285 | 07/07/2025 | 10/21/2024 | 10/06/2018 | Book Bank |

